Piłkarze którzy strzelili gola w finale euro - Statystyki

Ogólne statystyki
  • Ten quiz został rozwiązany 40 razy
  • Średni wynik to 8 z 38
Statystyki odpowiedzi
Hint Odpowiedź % Poprawnych
2008 🇪🇸 12012 🇪🇸 1 Fernando Torres
81%
2016 🇵🇹 1 Éder
75%
2024 🇪🇸 1 Nico Williams
72%
2020 🏴󠁧󠁢󠁥󠁮󠁧󠁿 1 Luke Shaw
56%
2024 🏴󠁧󠁢󠁥󠁮󠁧󠁿 1 Cole Palmer
50%
1976 🇩🇪 1 Dieter Müller
47%
1972 🇩🇪 2 Gerd Müller
47%
2024 🇪🇸 1 Mikel Oyarzabal
47%
1984 🇫🇷 1 Michel Platini
44%
2020 🏴󠁧󠁢󠁥󠁮󠁧󠁿 1 Leonardo Bonucci
39%
2012 🇪🇸 1 David Silva
36%
2012 🇪🇸 1 Jordi Alba
36%
1988 🇳🇱 1 Marco van Basten
33%
2000 🇫🇷 1 David Trézéguet
31%
2012 🇪🇸 1 Juan Mata
31%
2004 🇬🇷 1 Angelos Charisteas
25%
1996 🇩🇪 2 Oliver Bierhoff
22%
1988 🇳🇱 1 Runda Gullit
19%
1996 🇨🇿 1 Patrik Berger
8%
1992 🇩🇰 1 John Jensen
6%
1992 🇩🇰 1 Kim Vilfort
6%
1968 🇮🇹 1 Luigi Riva
6%
2000 🇮🇹 1 Marco Delvecchio
6%
1984 🇫🇷 1 Bruno Bellone
3%
1980 🇩🇪 2 Horst Hrubesch
3%
1968 🇮🇹 1 Pietro Anastasi
3%
2000 🇫🇷 1 Silvain Viltord
3%
1960 🇬🇪 1 Wiktor Poniedielnik
3%
1976 🇩🇪 1 Bernd Hölzenbein
0%
1964 🇷🇺 1 Galimzian Chusainow
0%
1972 🇩🇪 1 Herbert Wimmer
0%
1976 🇨🇿 1 Ján Švehlík
0%
1964 🇪🇸 1 Jesús Pereda
0%
1976 🇨🇿 1 Karol Dobiáš
0%
1964 🇪🇸 1 Martínez Cao Marcelino
0%
1960 🇷🇸 1 Milan Galić
0%
1980 🇧🇪 1 René Vandereycken
0%
1960 🇷🇺 1 Slawa Metreweli
0%
Nie znaleziono quizów pasujących do podanych kryteriów
Rozkład punktacji
Procent ludzi z każdym wynikiem
Percentyl według liczby udzielonych odpowiedzi
Twoja historia wyników
Nie rozwiązałeś tego quizu